Lucy Dacus - Big Deal (Lyrics) - Statistics

General Stats
  • This quiz has been taken 13 times
  • The average score is 248 of 265
Answer Stats
Answer % Correct
a
100%
about
100%
big
100%
But
100%
can
100%
deal
100%
first
100%
had
100%
I
100%
If
100%
if
100%
I'm
100%
it
100%
it's
100%
know
100%
laugh
100%
like
100%
me
100%
never
100%
no
100%
one
100%
said
100%
talk
100%
that
100%
the
100%
to
100%
understand
100%
We
100%
we
100%
what
100%
who
100%
You
100%
you
100%
your
100%
you're
100%
You're
100%
And
91%
and
91%
anything ?
91%
at
91%
be
91%
both
91%
burst
91%
changes,
91%
Crush
91%
Do
91%
Even
91%
even
91%
Everything
91%
everything
91%
few
91%
fire
91%
girl,
91%
gonna
91%
her
91%
I'll
91%
in
91%
leave
91%
marry
91%
Maybe
91%
Not
91%
of
91%
rather
91%
same
91%
So
91%
stay
91%
surprised
91%
things
91%
underneath
91%
unspoken
91%
waited
91%
want
91%
was
91%
we'd
91%
when
91%
work
91%
would
91%
years
91%
again
82%
came
82%
caught
82%
cold
82%
come
82%
comes
82%
didn't
82%
end
82%
feel
82%
Flicking
82%
for
82%
got
82%
happy
82%
how
82%
"How
82%
knew
82%
pinstriped
82%
plan
82%
regret
82%
say
82%
show
82%
Sincerely
82%
something
82%
suit
82%
tell
82%
There's
82%
visit
82%
watching
82%
wishing
82%
would've
82%
You've
82%
could
73%
could've
73%
daffodils
73%
done
73%
embers
73%
forget ?"
73%
into
73%
reading
73%
remember ?
73%
surface
73%
up
73%
heels
55%
No matching quizzes found
Score Distribution
Percent of People with Each Score
Percentile by Number Answered
Your Score History
You have not taken this quiz